000 00989nam0a22003371 4500
001 v19\rc\1745669
005 20250619060833.0
035 _a(NLR Aleph) 004851311
090 _a4923937
_c4923937
100 _a20061204d1902 |||y0rusy50 ca
101 0 _arus
102 _aRU
105 _ay z |||a|
200 1 _aБыли и сны
_e[Рассказы и стихи]
_fС. Мамонтов
210 _aМосква
_cт-во тип. А.И. Мамонтова
_d1902
215 _a[2], II, [2], 200 с.
_d21
300 _aНа обл. дата: 1901
532 1 3 _aБыли и сны
700 1 _aМамонтов
_bС.С.
_f1867-1915
_gСергей Саввич
801 0 _aRU
_bNLR
_gpsbo
801 0 _aRU
_bRuMoRGB
_2psbo
801 1 _aRU
_bProSoft-M
_2rusmarc
852 _aNLR
_j34.1.5.117
899 _aRuMoRGB
_jF 94/353
899 _aRuMoRGB
_jB 63/115
899 _aБАН
899 _aГПИБ
899 _aНБ МГУ
942 _cBOOK
980 _aNB